01573nam a2200301Ia 450000500170000000800410001704000570005804100080011524500710012326001060019430000180030049000390031850505780035765000190093565000450095465000300099965000180102965000280104765000100107565000240108570000160110970000260112570000250115170000200117670000280119670000270122470000200125120260520141842.0130821s1995 ck gr spa  aCo-BoUCMbspacStefania Borbon (Modificó)d[Nuevo] aspa00aEl delito de hurto :bLesiones personales /cAntón Vives y otros aBogotá (Cundinamarca, Colombia)aCaracas;aPanama; aQuito;beditorial Jurídica Bolivarianac1995 a456 páginas aEstudios de derecho penal especial aContenido : El delito de hurto. -- El hurto. -- La cosa mueble ajena. -- Hurtos calificados. -- El hurto simple. -- Hurto agravado. -- El hurto. -- El delito del hurto. -- Robo y hurto de uso de vehículo. -- Los tipos de hurto. -- El bien jurídico en las lesiones. -- Tipos de lesiones. -- Las lesiones. -- Las lesiones en el tratamiento médico quirurgico. -- de las lesiones personalesa. -- Mutilaciones y lesiones. -- El delito de lesiones ante el derecho penal vigente. -- Dictamen médico forense por lesiones personales. -- Tipo de lesiones. -- Incluye índice04aCriminología04aDelitos contra el patrimonio económico04aDelitos contra la persona04aDerecho penal04aDerecho penalzColombia04aHurto04aLesiones corporales1 aVives Anton1 aSolarte, Carmen Elisa1 aIrureta Goyena, Jose1 aSoler Sebastian1 aZavala Baquerizo, Jorge1 aFebres Cordero, Hector1 aRaneiri, Silvio